00684nam a2200205 a 4500001000800000005001700008008004100025020001700066040001800083082002100101100002300122245010400145260005300249300001900302500002000321650002500341942000600366952009300372999001300465108450420240319050038.0920114s1991 ce b 001 0 eng  a9559121014 : aDLCcDLCdDLC 222a323.4.bSRI.1 aWijesinha, Rajiva.10aSri Lanka in crisis, 1977-88 :bJ.R. Jayawardene and the erosion of democracy /cRajiva Wijesinha. aColombo :bCouncil for Liberal Democracy,c1991. aviii, 207 p. ; aIncludes index. 0aTamil (Indic people) cL 001040708LaWERCLbWERCLd2024-03-19l0o323.4. SRI.p1456r2024-03-19w2024-03-19yL c586d586